| 000 | 00382nam a2200157Ia 4500 | ||
|---|---|---|---|
| 005 | 20251020182614.0 | ||
| 008 | 200515s9999 xx 000 0 und d | ||
| 082 | _aSC/691.32:539.4/I59 | ||
| 110 | _aAmerican concrete institute | ||
| 245 | 0 | _aAci manual of concrete practice 1995 | |
| 260 | _aMichigan | ||
| 260 | _c1995 | ||
| 650 | _aCONCRETO | ||
| 650 | _aMANUAL | ||
| 942 | _cLIB | ||
| 999 |
_c3444 _d3444 |
||